[Event "AUTO-MASTER-1734"]
[Site "http://www.queenalice.com/game.php?id=1178369"]
[Date "2013.5.4"]
[Round "2"]
[White "TheAlchemist"]
[Black "arvo1938"]
[Result "0-1"]
[WhiteElo "2161"]
[BlackElo "2283"]

1. e4 c5 2. Nf3 Nc6 3. d4 cxd4 4. Nxd4 Nf6 5. Nc3 e6 6. Ndb5 d6 7. Bf4 e5 8. Bg5
a6 9. Na3 Be7 10. Nc4 Bg4 11. f3 Be6 12. Ne3 O-O 13. Bxf6 Bxf6 14. Ncd5 Bxd5 15.
Nxd5 Bg5 16. Bc4 Rc8 17. c3 b5 18. Bb3 Ne7 19. O-O Nxd5 20. Bxd5 b4 21. c4 Be3+
22. Kh1 Rb8 23. Qe2 Qg5 24. Rae1 Bd4 25. g3 b3 26. a3 a5 27. f4 Qe7 28. f5 Qf6
29. Kg2 Rbc8 30. h4 a4 31. g4 Qxh4 32. Rh1 Qg5 33. Rh5 Qf4 34. Reh1 h6 35. R1h3
Bxb2 0-1

[Event "AUTO-MASTER-1734"]
[Site "http://www.queenalice.com/game.php?id=1178372"]
[Date "2013.5.4"]
[Round "2"]
[White "dadge"]
[Black "TheAlchemist"]
[Result "0-1"]
[WhiteElo "2096"]
[BlackElo "2185"]

1. e4 c5 2. Nf3 d6 3. d4 cxd4 4. Nxd4 Nf6 5. Nc3 a6 6. Be2 e6 7. O-O Be7 8. Be3
O-O 9. f4 Nc6 10. Qd2 Qc7 11. Bf3 Bd7 12. Nce2 Rac8 13. c3 Rfd8 14. Rad1 e5 15.
Nf5 Bxf5 16. exf5 e4 17. Bxe4 Nxe4 18. Qc2 d5 19. Nd4 Bc5 20. Qd3 Qb6 21. b4
Bxd4 22. Bxd4 Nxd4 0-1

[Event "AUTO-MASTER-1734"]
[Site "http://www.queenalice.com/game.php?id=1178373"]
[Date "2013.5.4"]
[Round "2"]
[White "TheAlchemist"]
[Black "dadge"]
[Result "1-0"]
[WhiteElo "2175"]
[BlackElo "2113"]

1. e4 c5 2. Nf3 d6 3. d4 Nf6 4. Nc3 cxd4 5. Nxd4 a6 6. Bg5 e6 7. f4 Be7 8. Qf3
Nbd7 9. O-O-O O-O 10. Bc4 Ne8 11. h4 Nb6 12. Bb3 Bd7 13. Kb1 h6 14. g4 Rc8 15.
Bxh6 gxh6 16. g5 Rxc3 17. bxc3 Kh7 18. Qh5 Ng7 19. Qxh6+ Kg8 20. f5 exf5 21. g6
1-0

[Event "AUTO-MASTER-1734"]
[Site "http://www.queenalice.com/game.php?id=1178374"]
[Date "2013.5.4"]
[Round "2"]
[White "Try_Me"]
[Black "TheAlchemist"]
[Result "0-1"]
[WhiteElo "2098"]
[BlackElo "2194"]

1. d4 Nf6 2. c4 e6 3. Nc3 c5 4. d5 exd5 5. cxd5 d6 6. e4 g6 7. f4 Bg7 8. Bb5+
Nfd7 9. Bd3 O-O 10. Nge2 Qh4+ 11. Ng3 a6 12. Be3 Nf6 13. Qd2 Ng4 14. Bf2 Nxf2
15. Qxf2 Bd4 16. Qd2 Bg4 17. Ne2 Bxe2 18. Bxe2 Nd7 19. O-O-O b5 20. Bf3 Nb6 21.
b3 Bg7 22. Ne2 Rac8 23. g3 Qf6 24. e5 dxe5 25. Qb2 c4 26. b4 c3 27. Qa1 exf4 28.
Rd4 Qxd4 29. Nxd4 Bxd4 30. Kc2 Rfd8 31. Rd1 Rc4 32. a3 Nxd5 33. Bxd5 Rxd5 34.
gxf4 Rf5 35. Rf1 Bf6 36. Qc1 Rd5 37. Qe3 Rd2+ 38. Kc1 Ra2 0-1

[Event "AUTO-MASTER-1734"]
[Site "http://www.queenalice.com/game.php?id=1178375"]
[Date "2013.5.4"]
[Round "2"]
[White "TheAlchemist"]
[Black "Try_Me"]
[Result "1/2-1/2"]
[WhiteElo "2197"]
[BlackElo "2180"]

1. e4 c5 2. Nf3 d6 3. d4 cxd4 4. Nxd4 Nf6 5. Nc3 e5 6. Bb5+ Bd7 7. Bxd7+ Qxd7 8.
Nde2 Be7 9. Ng3 g6 10. O-O O-O 11. Bh6 Rd8 12. Qd2 Nc6 13. Nd5 Nxd5 14. exd5 Nd4
15. c3 Nf5 16. Nxf5 Qxf5 17. Be3 a6 18. a4 Rac8 19. b3 Bf6 20. c4 Bg7 21. Rad1
Qd7 22. Bb6 Re8 23. Rfe1 f5 24. f3 Bf6 25. Qc3 Kg7 26. Qc2 f4 27. Re4 Bd8 28.
Bxd8 Rexd8 29. Qc3 Kg8 30. a5 Rc7 31. b4 Re8 32. c5 Qe7 33. Rde1 Qd7 34. Qb3 Kg7
35. Qb2 Kf7 36. cxd6 Qxd6 37. Rxe5 Rce7 38. Rxe7+ Rxe7 39. Rd1 Re5 40. Qd4 Ke7
41. Qc5 Kd7 42. h4 h6 43. Qd4 g5 44. hxg5 hxg5 45. Qc4 Re8 46. Qc3 Qe7 47. Rc1
Qe3+ 48. Qxe3 Rxe3 49. Rc5 Kd6 50. Rc4 Rd3 51. Kh2 Rxd5 1/2-1/2

[Event "AUTO-MASTER-1758"]
[Site "http://www.queenalice.com/game.php?id=1193611"]
[Date "2013.6.23"]
[Round "2"]
[White "TheAlchemist"]
[Black "kraler"]
[Result "1-0"]
[WhiteElo "2209"]
[BlackElo "2215"]

1. e4 e5 2. Nf3 Nc6 3. Bc4 Nf6 4. d4 exd4 5. O-O Bc5 6. e5 d5 7. exf6 dxc4 8.
Re1+ Be6 9. Ng5 Qd5 10. Nc3 Qf5 11. g4 Qg6 12. Nce4 Bb6 13. f4 d3+ 14. Be3 Bxe3+
15. Rxe3 gxf6 16. f5 Qg7 17. fxe6 fxg5 18. exf7+ Kxf7 19. Qf3+ Ke7 20. Nc5+ Kd6
21. Nxb7+ Kd7 22. Qf5# 1-0

[Event "AUTO-MASTER-1758"]
[Site "http://www.queenalice.com/game.php?id=1193612"]
[Date "2013.6.23"]
[Round "2"]
[White "kraler"]
[Black "TheAlchemist"]
[Result "1-0"]
[WhiteElo "2193"]
[BlackElo "2133"]

1. e4 e5 2. Nf3 Nc6 3. Bc4 Nf6 4. d4 exd4 5. O-O Nxe4 6. Re1 d5 7. Bxd5 Qxd5 8.
Nc3 Qa5 9. Rxe4+ Be6 10. Nxd4 O-O-O 11. Be3 Nxd4 12. Rxd4 Bb4 13. Qf3 Bxc3 14.
bxc3 Qxc3 15. Rxd8+ Rxd8 16. Rb1 c6 17. Qe4 Bxa2 18. Qg4+ Be6 19. Qa4 a6 20. h3
Qc4 21. Rb4 Rd1+ 22. Kh2 Qf1 23. Rb6 Qh1+ 24. Kg3 Rg1 25. Rxc6+ bxc6 26. Qxc6+
Kd8 27. Bg5+ f6 28. Qd6+ Kc8 29. Qxe6+ Kb7 30. Qd5+ Kc8 31. Qg8+ Kb7 32. Qxg7+
Kc8 33. Qg8+ Kb7 34. Qxh7+ 1-0

[Event "AUTO-MASTER-1758"]
[Site "http://www.queenalice.com/game.php?id=1193613"]
[Date "2013.6.23"]
[Round "2"]
[White "TheAlchemist"]
[Black "arvo1938"]
[Result "1/2-1/2"]
[WhiteElo "2204"]
[BlackElo "2364"]

1. d4 Nf6 2. c4 e6 3. Nf3 d5 4. Nc3 Bb4 5. Bg5 dxc4 6. e4 c5 7. Bxc4 cxd4 8.
Nxd4 Qa5 9. Bxf6 gxf6 10. O-O O-O 11. a3 Bxc3 12. bxc3 Qxc3 13. Rc1 Qxa3 14. Qh5
Nd7 15. Qh6 Kh8 16. Nb5 Qe7 17. Rfd1 Ne5 18. Be2 Bd7 19. Rc7 Rfc8 20. Rxb7 Rab8
21. Rxa7 Ra8 22. Rb7 Rab8 23. Ra7 Ra8 24. Rb7 Rab8 25. Ra7 1/2-1/2

[Event "AUTO-MASTER-1758"]
[Site "http://www.queenalice.com/game.php?id=1193614"]
[Date "2013.6.23"]
[Round "2"]
[White "arvo1938"]
[Black "TheAlchemist"]
[Result "1-0"]
[WhiteElo "2361"]
[BlackElo "2221"]

1. e4 e6 2. d4 d5 3. Nc3 Bb4 4. exd5 exd5 5. Nf3 Ne7 6. Bd3 Nbc6 7. O-O Bg4 8.
Be3 Qd7 9. h3 Bh5 10. a3 Bd6 11. Nb5 O-O-O 12. Re1 f5 13. Be2 h6 14. c3 f4 15.
Bd2 g5 16. b4 Nf5 17. Qb1 Rhe8 18. Ne5 Rxe5 19. Nxd6+ cxd6 20. Bxh5 Rxe1+ 21.
Qxe1 Kb8 22. Qe2 Qe7 23. Re1 Qxe2 24. Rxe2 Nce7 25. Bg4 Rf8 26. g3 fxg3 27. fxg3
Kc7 28. Bxf5 Nxf5 29. Rf2 1-0